000 00656nam a2200241Ia 4500
003 OSt
005 20220918174554.0
006 a|||||r|||| 00| 0
007 ta
008 220917b |||||||| |||| 00| 0 eng d
024 _a12,888
037 _cTextual
040 _aARTS
_cARTS
_beng
041 _2eng
_aeng
082 _a/\73wD781, L4
100 _aSmith Margaret
_918088
245 0 _aAl-muhasibi A.D. 781-857
_b An early mystic of Baghdad
260 _aAmsterdam
_bPhilo Press
_c1974
300 _axi,311p.
_ccm.
650 _aSPIRITUALISM
942 _h/\73wD781, L4
_cTEXL
_2CC
999 _c153725
_d153725